| 000 | 00883nam a22002897a 4500 | ||
|---|---|---|---|
| 001 | BR6001617 | ||
| 003 | BR-BrBNA | ||
| 005 | 20230928095643.0 | ||
| 007 | ta | ||
| 008 | 230509b bl.||||| |||| 00| 0 por d | ||
| 040 |
_aBR-BrBNA _bpor _cBiblioteca Nacional de Agricultura |
||
| 041 | _a(Por) | ||
| 072 |
_aH00; H10 _b7900 |
||
| 090 | _ 7900 BR6001617 | ||
| 110 | 1 |
_aDepartamento Nacional de Producao Vegetal, Rio de Janeiro, GB (Brasil). Servico de Defesa Sanitaria Vegetal _93375 |
|
| 245 | 1 | _aDemonstracoes de processos de combate a sauva. Relatorio da Comissao Techica de Julgamento | |
| 260 | 3 |
_aRio de Janeiro, GB (Brasil): _c1936. |
|
| 300 | _a36 p. | ||
| 500 | _a13 tables | ||
| 650 | _aDefesa Vegetal | ||
| 650 | _aDefensivo | ||
| 650 | _aPraga de Planta | ||
| 650 | _aSauva | ||
| 650 | _aErradicacao | ||
| 909 |
_a202309 _bLucia _c55 _dLucia Elande |
||
| 942 | _cBK | ||
| 999 |
_c57884 _d57884 |
||